Statistics for Brazil Area Codes - Map Quiz

Click here to take the quiz!

General Stats

  • This quiz has been taken 16 times
  • The average score is 46 of 67

Answers on the Map

Answers color-coded by a green-red scale on the quiz's map according to % correct below.
 

Answer Stats

Answer% Correct
21
91%
11
82%
31
82%
37
82%
51
82%
53
82%
55
82%
17
73%
19
73%
22
73%
27
73%
32
73%
34
73%
38
73%
47
73%
49
73%
54
73%
62
73%
63
73%
66
73%
73
73%
74
73%
81
73%
83
73%
88
73%
89
73%
91
73%
93
73%
18
73%
42
73%
84
73%
12
64%
13
64%
14
64%
15
64%
16
64%
28
64%
33
64%
35
64%
41
64%
43
64%
44
64%
45
64%
46
64%
48
64%
61
64%
64
64%
65
64%
67
64%
68
64%
69
64%
71
64%
75
64%
79
64%
82
64%
85
64%
87
64%
92
64%
95
64%
96
64%
98
64%
99
64%
94
64%
24
55%
77
55%
86
55%
97
55%

Score Distribution

Percentile by Number Answered

Percent of People with Each Score

Your Score History

You have not taken this quiz